000 00699nam a22002297a 4500
003 DO-SdBPM
005 20250530131201.0
008 171113b2002 dr || |||| 00| 0 spa d
016 _293458090
020 _a9993458090
040 _aDO-SdBPM
_bspa
_cBPMSU
082 4 _aRD863.44
_bD325v 2002
_222
100 1 _aDeive, Carlos Esteban
_d1935-2019
245 1 0 _aViento negro, bosque del caimán :
_bnovela /
_cCarlos Esteban Deive
260 _aSanto Domingo :
_bEditora Centenario,
_c2002.
300 _a244 p. ;
_c22 cm.
590 _aInventariado, 2025/VM
650 4 _aNovela dominicana
650 4 _aLiteratura dominicana
910 _aVMateo V. Control de calidad. BPMSU
942 _2ddc
_cBK
999 _c12878
_d12878